|
|
|
|
| LEADER |
01159nam a2200277 a 4500 |
| 001 |
2978810 |
| 008 |
090611s1993 nyu 001 0 eng d |
| 010 |
|
|
|a 92036817
|
| 020 |
|
|
|a 0471572918 (alk. paper) :
|c $22.95
|
| 040 |
|
|
|a DLC
|c DLC
|d DLC
|
| 082 |
0 |
0 |
|a 658.3/14
|2 20
|
| 100 |
1 |
|
|a Arnold, William W.
|
| 245 |
1 |
4 |
|a The human touch :
|b today's most unusual program for productivity and profit /
|c William W. Arnold, Jeanne M. Plas.
|
| 260 |
|
|
|a New York :
|b Wiley,
|c c1993.
|
| 300 |
|
|
|a xii, 272 p. ;
|c 25 cm.
|
| 504 |
|
|
|a Includes index.
|
| 541 |
1 |
|
|e 00007961
|
| 650 |
|
0 |
|a Employee motivation.
|
| 650 |
|
0 |
|a Employee morale.
|
| 650 |
|
0 |
|a Labor productivity.
|
| 650 |
|
0 |
|a Leadership.
|
| 700 |
1 |
|
|a Plas, Jeanne M.
|
| 852 |
4 |
|
|a Ayesha Abed Library
|j General shelf
|
| 999 |
|
|
|c 1305
|d 1305
|
| 952 |
|
|
|0 0
|1 0
|2 ddc
|4 0
|6 658_314000000000000_ARN
|7 0
|9 1188
|a BRACUL
|b BRACUL
|c GEN
|d 2009-06-25
|g 0.00
|l 0
|o 658.314 ARN
|p 3010007961
|r 2009-06-25
|t 1
|w 2009-06-25
|y BK
|x No price found in the accession register.
|
| 952 |
|
|
|0 0
|1 0
|2 ddc
|4 0
|6 658_314000000000000_ARN
|7 0
|9 18521
|a BRACUL
|b BRACUL
|c GEN
|d 2011-11-12
|l 1
|m 1
|o 658.314 ARN
|p 3010007960
|r 2023-05-31
|s 2013-04-30
|t 2
|w 2011-11-12
|y BK
|